000 00622nam a2200181Ia 4500
003 GCL
008 140319s9999 xx 000 0 ara d
040 _aGCL /
_cGCL
082 0 4 _a219.3
_bت ع
100 1 _aتركى على الربيعو
245 1 0 _aالعنف والمقدس والجنس فى الميثولوجيا الاسلامية /
_cتركى على الربيعو
300 _a191 ص
490 _aالهيئة العامة للاستعلامات
_v0
650 0 4 _aالاسلام
650 0 4 _aالاسلام والاصلاح السياسى
650 0 4 _aالاسلام والسياسة
942 _2ddc
_cBK
999 _c48957
_d48957